Urban Agglomeration - Letter L - Statistics

General Stats
  • This quiz has been taken 31 times
  • The average score is 5 of 6
Answer Stats
Second Letter Answer % Correct
O Los Angeles | London | Lomé | Londrina
100%
A Lagos | Lahore | Las Vegas | La Paz
88%
E León | Leeds | Leipzig
85%
I Lima | Lisbon | Lille | Lilongwe
85%
U Luanda | Lusaka | Lubumbashi
81%
Y Lyon
69%
No matching quizzes found
Score Distribution
Percent of People with Each Score
Percentile by Number Answered
Your Score History
You have not taken this quiz